书目信息 |
| 题名: |
五谷杂粮养生减肥粥
|
|
| 作者: | 张晔 , 史文丽 主编 | |
| 分册: | ||
| 出版信息: | 长春 吉林科学技术出版社 2016 |
|
| 页数: | 240页 | |
| 开本: | 24cm | |
| 丛书名: | 悦然生活 | |
| 单 册: | ||
| 中图分类: | R247.1 , TS972.137 | |
| 科图分类: | ||
| 主题词: | 粥--zhou--食物养生--食谱 | |
| 电子资源: | ||
| ISBN: | 978-7-5384-9648-2 | |
| 000 | 00974nam 2200277 450 | |
| 001 | 1773418693 | |
| 005 | 20151105133709.8 | |
| 010 | @a978-7-5384-9648-2@dCNY39.90 | |
| 100 | @a20151105d2016 em y0chiy50 ea | |
| 101 | 0 | @achi |
| 102 | @aCN@b220000 | |
| 105 | @aa z 000yy | |
| 106 | @ar | |
| 200 | 1 | @a五谷杂粮养生减肥粥@Awu gu za liang yang sheng jian fei zhou@f张晔, 史文丽主编 |
| 210 | @a长春@c吉林科学技术出版社@d2016 | |
| 215 | @a240页@c彩图@d24cm | |
| 225 | 2 | @a悦然生活@Ayue ran sheng huo |
| 330 | @a本书共分为六大部分, 主要内容包括杂粮膳食巧结合, 养生减肥超简单 ; 教你轻松做出美味养生减肥粥 ; 吃好五谷杂粮, 养生瘦身双管齐下 ; 8周减掉8公斤! 粗粮粥有一套 ; 除了减肥, 养生保健也要“粥”到等。 | |
| 410 | 0 | @12001 @a悦然生活 |
| 606 | 0 | @a粥@Azhou@x食物养生@x食谱 |
| 690 | @aR247.1@v5 | |
| 690 | @aTS972.137@v5 | |
| 701 | 0 | @a张晔@Azhang ye@4主编 |
| 701 | 0 | @a史文丽@Ashi wen li@4主编 |
| 801 | 0 | @aCN@b人天书店@c20151105 |
| 905 | @aBZT@dR247.1@e284 | |
| 五谷杂粮养生减肥粥/张晔, 史文丽主编.-长春:吉林科学技术出版社,2016 |
| 240页:彩图;24cm.-(悦然生活) |
| ISBN 978-7-5384-9648-2:CNY39.90 |
| 本书共分为六大部分, 主要内容包括杂粮膳食巧结合, 养生减肥超简单 ; 教你轻松做出美味养生减肥粥 ; 吃好五谷杂粮, 养生瘦身双管齐下 ; 8周减掉8公斤! 粗粮粥有一套 ; 除了减肥, 养生保健也要“粥”到等。 |
| ● |
| 相关链接 |
|
|
|
正题名:五谷杂粮养生减肥粥
索取号:R247.1/284
 
预约/预借
| 序号 | 登录号 | 条形码 | 馆藏地/架位号 | 状态 | 备注 |
| 1 | 824231 | 2000824231 | 第二书库/ [索取号:R247.1/284] |
已借出,限还日期为2025.04.08 借出人:杜春燕 |
|
| 2 | 824232 | 2000824232 | 第二书库/ [索取号:R247.1/284] | 在馆 | |
| 3 | 824233 | 2000824233 | 第二书库/ [索取号:R247.1/284] | 在馆 |